| 000 | 00757nam a22002057a 4500 | ||
|---|---|---|---|
| 003 | OSt | ||
| 005 | 20250717033854.0 | ||
| 008 | 250717b |||||||| |||| 00| 0 eng d | ||
| 020 | _a9789715556415 | ||
| 040 |
_aDWCL -Main lib _cOC |
||
| 082 | _aFil. 158.3599 C856 2016 | ||
| 100 | _aBernardo, Allan B. | ||
| 245 |
_a Counseling, psychology, & education : _b a festscrift in honor of Rose Marie Salazar-ClemeƱa/ _cAllan B. Bernardo |
||
| 260 |
_aManila : _bDe La Salle University Publishing House, _c2016. |
||
| 300 |
_a xv, 382 pages : _b illustrations ; _c 23 cm. |
||
| 504 | _aIncludes bibliographical references. | ||
| 650 | _a1. Counseling--Philippines. | ||
| 650 | _a2. Psychology--Study and teaching (Higher) | ||
| 942 |
_2ddc _cBK - FIL _kFil. _n0 |
||
| 999 |
_c3736 _d3736 |
||